<?xml version="1.0" encoding="UTF-8"?>
<record
    xmlns:xsi="http://www.w3.org/2001/XMLSchema-instance"
    xsi:schemaLocation="http://www.loc.gov/MARC21/slim http://www.loc.gov/standards/marcxml/schema/MARC21slim.xsd"
    xmlns="http://www.loc.gov/MARC21/slim">

  <leader>01232na  a2200361   4500</leader>
  <controlfield tag="001">24174</controlfield>
  <controlfield tag="003">MIRAKIL</controlfield>
  <controlfield tag="005">20181213155249.0</controlfield>
  <controlfield tag="008">180612b        tu            000 0      </controlfield>
  <datafield tag="020" ind1=" " ind2=" ">
    <subfield code="a">978605613098</subfield>
  </datafield>
  <datafield tag="035" ind1=" " ind2=" ">
    <subfield code="a">14697</subfield>
  </datafield>
  <datafield tag="040" ind1=" " ind2=" ">
    <subfield code="a">Milas</subfield>
    <subfield code="b">tur</subfield>
    <subfield code="c">TR-AnCHP</subfield>
  </datafield>
  <datafield tag="041" ind1=" " ind2=" ">
    <subfield code="a">tur</subfield>
  </datafield>
  <datafield tag="082" ind1=" " ind2=" ">
    <subfield code="a">324.9 2015</subfield>
    <subfield code="b">T85s 2016</subfield>
  </datafield>
  <datafield tag="090" ind1=" " ind2=" ">
    <subfield code="a">324.9 2015 T85s 2016</subfield>
  </datafield>
  <datafield tag="100" ind1=" " ind2=" ">
    <subfield code="a">Tuncer, Erol</subfield>
  </datafield>
  <datafield tag="245" ind1=" " ind2=" ">
    <subfield code="a">Se&#xE7;im 2015</subfield>
    <subfield code="b">1 Kas&#x131;m 2015 milletvekili genel se&#xE7;imleri say&#x131;sal ve siyasal de&#x11F;erlendirme</subfield>
    <subfield code="c">Erol Tuncer, B&#xFC;lent Tuncer</subfield>
  </datafield>
  <datafield tag="246" ind1=" " ind2=" ">
    <subfield code="a">1 Kas&#x131;m 2015 milletvekili genel se&#xE7;imleri say&#x131;sal ve siyasal de&#x11F;erlendirme</subfield>
  </datafield>
  <datafield tag="246" ind1=" " ind2=" ">
    <subfield code="a">2015 se&#xE7;imleri</subfield>
  </datafield>
  <datafield tag="260" ind1=" " ind2=" ">
    <subfield code="a">Ankara</subfield>
    <subfield code="b">TESAV</subfield>
    <subfield code="c">2016</subfield>
  </datafield>
  <datafield tag="300" ind1=" " ind2=" ">
    <subfield code="a">xii, 366 s.</subfield>
    <subfield code="b">grf., hrt., tbl.</subfield>
    <subfield code="c">27 sm.</subfield>
  </datafield>
  <datafield tag="490" ind1=" " ind2=" ">
    <subfield code="a">TESAV yay&#x131;nlar&#x131;</subfield>
    <subfield code="v">44</subfield>
  </datafield>
  <datafield tag="504" ind1=" " ind2=" ">
    <subfield code="a">Kaynak&#xE7;a var.</subfield>
  </datafield>
  <datafield tag="650" ind1=" " ind2=" ">
    <subfield code="a">Se&#xE7;imler</subfield>
    <subfield code="y">&#x130;statistikler</subfield>
    <subfield code="z">T&#xFC;rkiye</subfield>
  </datafield>
  <datafield tag="650" ind1=" " ind2=" ">
    <subfield code="a">TBMM</subfield>
    <subfield code="x">24. D&#xF6;nem</subfield>
    <subfield code="y">2011-2015</subfield>
  </datafield>
  <datafield tag="650" ind1=" " ind2=" ">
    <subfield code="a">H&#xFC;k&#xFC;metler</subfield>
    <subfield code="x">2011-2015</subfield>
    <subfield code="z">T&#xFC;rkiye</subfield>
  </datafield>
  <datafield tag="650" ind1=" " ind2=" ">
    <subfield code="a">Siyasal partiler</subfield>
    <subfield code="x">2011-2015</subfield>
    <subfield code="z">T&#xFC;rkiye</subfield>
  </datafield>
  <datafield tag="650" ind1=" " ind2=" ">
    <subfield code="a">Siyasal tarih</subfield>
    <subfield code="y">2011-2015</subfield>
    <subfield code="z">T&#xFC;rkiye</subfield>
  </datafield>
  <datafield tag="651" ind1=" " ind2=" ">
    <subfield code="a">T&#xFC;rkiye</subfield>
    <subfield code="x">Siyaset ve y&#xF6;netim</subfield>
    <subfield code="y">2011-2015</subfield>
  </datafield>
  <datafield tag="651" ind1=" " ind2=" ">
    <subfield code="a">T&#xFC;rkiye</subfield>
    <subfield code="x">Se&#xE7;imler</subfield>
    <subfield code="y">Genel se&#xE7;imler, 2015</subfield>
  </datafield>
  <datafield tag="700" ind1=" " ind2=" ">
    <subfield code="a">Tuncer, B&#xFC;lent</subfield>
  </datafield>
  <datafield tag="942" ind1=" " ind2=" ">
    <subfield code="2">ddc</subfield>
    <subfield code="c">BKS</subfield>
  </datafield>
  <datafield tag="952" ind1=" " ind2=" ">
    <subfield code="a">0001</subfield>
    <subfield code="b">0001</subfield>
    <subfield code="d">2018-06-12</subfield>
    <subfield code="e">2</subfield>
    <subfield code="l">0</subfield>
    <subfield code="o">324.9 2015 T85s 2016</subfield>
    <subfield code="p">018202</subfield>
    <subfield code="r">2018-06-12 00:00:00</subfield>
    <subfield code="v">0.00</subfield>
    <subfield code="w">2018-06-12</subfield>
    <subfield code="y">BKS</subfield>
  </datafield>
  <datafield tag="999" ind1=" " ind2=" ">
    <subfield code="c">9518</subfield>
    <subfield code="d">9518</subfield>
  </datafield>
</record>
